The realities of nuclear power : international economic and regulatory experience /

Bibliographic Details
Main Author: Thomas, S. D. (Steve D.)
Format: Book
Language:English
Published: Cambridge [England] ; New York : Cambridge University Press, 1988.
Series:Cambridge energy studies.
Subjects:

MARC

Tag First Indicator Second Indicator Subfields
LEADER 00000cam a2200000 a 4500
001 in00000029287
005 20151007060154.0
008 870820s1988 enka b 00110 eng
010 |a  87022488  
020 |a 0521327504 
035 |a (OCoLC)16758866 
035 |9 AAC0209AM 
040 |a DLC  |c DLC  |d TXA  |d UtOrBLW 
049 |a TXAM  |c [A10938294] 
050 0 0 |a HD9698.A2  |b T53 1988 
082 0 |a 338.4/7621483  |2 19 
100 1 |a Thomas, S. D.  |q (Steve D.) 
245 1 4 |a The realities of nuclear power :  |b international economic and regulatory experience /  |c S.D. Thomas. 
264 1 |a Cambridge [England] ;  |a New York :  |b Cambridge University Press,  |c 1988. 
300 |a 289 pages ;  |c 24 cm. 
336 |a text  |b txt  |2 rdacontent 
337 |a unmediated  |b n  |2 rdamedia 
338 |a volume  |b nc  |2 rdacarrier 
490 1 |a Cambridge energy studies 
536 |a Dr. Paul P. Van Riper Collection, Department of Political Science. 
504 |a Bibliography: pages [279]-282. 
500 |a Includes index. 
650 0 |a Nuclear industry. 
830 0 |a Cambridge energy studies. 
999 |a MARS 
999 f f |s 59316f0d-5e16-3db8-b8d7-9c2852637587  |i a727285a-85c2-3655-add6-37827e282497  |t 0 
952 f f |p ric  |a Texas A&M University  |b Rellis Campus  |c Joint Library Facility  |d Remote Storage  |t 0  |e HD9698.A2 T53 1988  |h Library of Congress classification  |i unmediated -- volume  |m A14821291134 
998 f f |a HD9698.A2 T53 1988  |t 0  |l Remote Storage